书目信息 |
| 题名: |
中国人民解放军战役战例选编
|
|
| 作者: | ;解放军政治学院第一军事教研室 编 | |
| 分册: | (三) | |
| 出版信息: | 北京 解放军政治学院出版社 1984 |
|
| 页数: | 299页 | |
| 开本: | 26cm | |
| 丛书名: | ||
| 单 册: | ||
| 中图分类: | E82 | |
| 科图分类: | ||
| 主题词: | 中国人民解放军战争史-战役--汇编 , 战役-中国人民解放军战争史--汇编 , 战役学 | |
| 电子资源: | ||
| ISBN: | ||
| 000 | 00877nam0 2200277 45 | |
| 001 | 0184013690 | |
| 005 | 20040424160359.3 | |
| 010 | @dCNY7.20 | |
| 091 | @a5349.007 | |
| 100 | @a19950612d1984 kmey0chiy0121 ea | |
| 101 | 0 | @achi |
| 102 | @aCN@b110000 | |
| 105 | @ay z 000yy | |
| 106 | @ar | |
| 200 | 10 | @a中国人民解放军战役战例选编@h(三)@Azhong guo ren min jie fang jun zhan yi zhan li xuan bian@f政治学院第一军事教研室编 |
| 210 | @a北京@c解放军政治学院出版社@d1984 | |
| 215 | @a299页@c图@d26cm | |
| 300 | @a内部发行 | |
| 606 | @a中国人民解放军战争史-战役@x汇编 | |
| 606 | @a战役-中国人民解放军战争史@x汇编 | |
| 606 | 0 | @a战役学 |
| 690 | @aE82@v3 | |
| 711 | 02 | @a解放军政治学院第一军事教研室@Ajie fang jun zheng zhi xue yuan di yi jun shi jiao yan shi@4编 |
| 801 | 0 | @aCN@b上海图书馆@c20040424 |
| 801 | 2 | @aCN@bNLC@c20040424 |
| 905 | @dE82@e10:3@f1@b166402 | |
| 中国人民解放军战役战例选编.(三)/政治学院第一军事教研室编.-北京:解放军政治学院出版社,1984 |
| 299页:图;26cm |
| 内部发行 |
| ISBN :CNY7.20 |
| ● |
| 相关链接 |
|
|
|
|
正题名:中国人民解放军战役战例选编
索取号:E82/10:3
 
预约/预借
| 序号 | 登录号 | 条形码 | 馆藏地/架位号 | 状态 | 备注 |
| 1 | 0166402 | 001263803 | 第一借阅区/ [索取号:E82/10:3] | 在馆 | |
| 2 | 0166403 | 002056517 | 第一样本阅览室/ [索取号:E82/10:3] | 在馆 |